Bienvenue au Catalogue en Ligne des Bibliothèques de l'Universite du Burundi

Impact de la pression fiscale sur les investissements directs étrangers au Burundi (2000-2023) (Record no. 52058)

000 -GUIDE
Champ de contrôle de longueur fixe 00941nam a22002417a 4500
003 - IDENTITÉ DU NUMÉRO DE CONTRÔLE
Champ de contrôle BI-BuBU
008 - ÉLÉMENTS DE LONGUEUR FIXE - RENSEIGNEMENTS GÉNÉRAUX
Champ de contrôle de longueur fixe 250514b2025 bd fr|||| 000 0 fre d
037 ## - SOURCE D'ACQUISITION
Source d'acquisition et du numéro d'inventaire don de l'auteur
039 ## - NIVEAU DE CONTRÔLE BIBLIOGRAPHIQUE ET HISTORIQUE D'ENCODAGE [OBSOLETE]
Date creation 20250514110508.0
Nom catalographe Edouard Niyonkuru
040 ## - SOURCE DU CATALOGAGE
Organisme qui a effectué le catalogage original BI-BuBU
Code de la langue utilisée dans le catalogage fre
Organisme qui a effectué la transcription BI-BuBU
Organisme qui a effectué la modification BI-BuBU
041 0# - CODE DE LANGUE
Code de langue du texte/de la piste sonore ou du titre distinct fre
080 ## - INDICE DE LA CLASSIFICATION DÉCIMALE UNIVERSELLE (CDU)
Indice de la Classification décimale universelle 339.727.24
100 1# - VEDETTE PRINCIPALE - NOM DE PERSONNE
Code de relation aut.
Nom de personne Ndayikengurukiye, Leonidas
245 10 - MENTION DU TITRE
Titre Impact de la pression fiscale sur les investissements directs étrangers au Burundi (2000-2023)
260 ## - PUBLICATION, DIFFUSION, ETC. (ADRESSE BIBLIOGRAPHIQUE)
Lieu de publication, diffusion, etc. Bujumbura
Nom de l'éditeur, diffuseur, etc. université Burundi
300 ## - DESCRIPTION MATÉRIELLE
Collation XIV-121 f.
Dimensions 30 cm.
500 ## - NOTE GÉNÉRALE
Note générale Mémoire présenté et défendu publiquement en vue de l'obtention du diplôme de master en Analyse Economique et Développement<br/>Option : Analyse et Développement
650 #7 - VEDETTE-MATIÈRE - NOM COMMUN
Source du terme BI-BuBU
Vedette de sujet ou vedette comportant un nom géographique Investissement direct étranger
Subdivision générale Pression fiscale
-- Impact
Subdivision géographique Burundi
655 ## - TERME D'INDEXATION - GENRE OU FORME
Source du terme BI-BuBU
700 1# - VEDETTE SECONDAIRE - NOM DE PERSONNE
Code de relation dir.
Nom d'auteur Cyriaque Nzirorera
942 ## - ÉLÉMENTS D'ENTRÉE ADDITIONNELLE (KOHA)
Source de la classification ou du système de rangement
Type d item koha Memoire
Holdings
Statut de retrait Statut de perte Source de la classification ou du système de rangement Statut de déterioration Exclu du prêt Numéro d item Koha Localisation permanente Localisation actuelle Date d'acquisition Source d'acquisition Nombre de prêts Cote Code-barres Date last seen Numéro d'exemplaire Prix en vigueur à partir du Type d item koha Numero d'inventaire
        Not For Loan 83813 Bibliothèque Centrale Bibliothèque Centrale 20/05/2025 don de l'auteur   R.339.727.24.NDA 5010000482459 20/05/2025 1 20/05/2025 Memoire 241469
© 2019-2026 - Bibliothèques de l'Université du Burundi |Tous droits réservés
home | Pour toute information urgente Contactez nous | tel whatsupp: +25779204313